00314nam a2200121Ia 4500008004100000020001800041041000800059082002400067100001900091245003100110260004200141300000900183230411s9999 xx 000 0 und d a0-06-010444-9 aeng aOG/618.4/BRA/B01871 aBradley Robert aHusband Coached Childbirth bHarper row publishersaNew Yorkc1974 a214p